Graphics calculator instruction guide to accompany calculus concepts an informal approach to the mathematics of change
| Main Author: | |
|---|---|
| Format: | Section = Libro |
| Language: | Undetermined Spanish |
| Published: |
Boston
Houghton Mifflin Company
2002
|
| Edition: | 2a.ed. |
| Subjects: |
| LEADER | 00622nam a2200205Ia 4500 | ||
|---|---|---|---|
| 008 | 240829s9999 xx 000 0 und d | ||
| 020 | |a 0-618-12179-X | ||
| 040 | |a BIBLIOTECA-RUSB/ 515 G766 | ||
| 041 | |a spa | ||
| 082 | |a 515 G766 | ||
| 100 | 1 | |a La Torre, Donald R. | |
| 245 | 1 | 0 | |a Graphics calculator instruction guide to accompany calculus concepts an informal approach to the mathematics of change |
| 250 | |a 2a.ed. | ||
| 260 | |a Boston |b Houghton Mifflin Company |c 2002 | ||
| 300 | |a 216 p. :il. | ||
| 650 | 7 | |a CALCULO - METODOS GRAFICOS | |
| 650 | 7 | |b CALCULADORAS GRAFICAS | |
| 942 | |c BK |2 ddc | ||
| 991 | |a TEXTO | ||
| 999 | |c 1575 | ||